UITU Library & LRC     

Phir barishoon kay dess main safarnama (Record no. 31273)

MARC details
000 -LEADER
fixed length control field 00404nam a22001697a 4500
003 - CONTROL NUMBER IDENTIFIER
control field OSt
005 - DATE AND TIME OF LATEST TRANSACTION
control field 20250526142439.0
008 - FIXED-LENGTH DATA ELEMENTS--GENERAL INFORMATION
fixed length control field 250526b |||||||| |||| 00| 0 eng d
040 ## - CATALOGING SOURCE
Transcribing agency AACR2
050 ## - LIBRARY OF CONGRESS CALL NUMBER
Classification number 891.439
100 ## - MAIN ENTRY--PERSONAL NAME
Personal name Ali, Shazia
245 ## - TITLE STATEMENT
Title Phir barishoon kay dess main safarnama
260 ## - PUBLICATION, DISTRIBUTION, ETC.
Place of publication, distribution, etc. Karachi:
Name of publisher, distributor, etc. Royal books,
Date of publication, distribution, etc. 2019.
300 ## - PHYSICAL DESCRIPTION
Extent 136p.
600 ## - SUBJECT ADDED ENTRY--PERSONAL NAME
Personal name Literature
942 ## - ADDED ENTRY ELEMENTS (KOHA)
Source of classification or shelving scheme Dewey Decimal Classification
Koha item type Gifted & Donated Books
Suppress in OPAC No
Holdings
Withdrawn status Lost status Source of classification or shelving scheme Damaged status Not for loan Collection Home library Current library Shelving location Date acquired Source of acquisition Total checkouts Full call number Barcode Date last seen Price effective from Koha item type Public note
    Dewey Decimal Classification       UITU Library UITU Library Gifted Books 05/06/2025 Gifted by Dr. Minhaj A. Qidwai   891.439 SHA G67 05/26/2025 05/26/2025 Gifted & Donated Books Gifted by Dr. Minhaj A. Qidwai

Powered by Koha